000 00282nam a22001337a 4500
008 170914b xxu||||| |||| 00| 0 eng d
020 _a9780156002295
041 _aeng
080 _a7
100 _a44
101 _aART
245 _aLURE OF THE SEA
_cBROWN,J,E
942 _2udc
_cBK
999 _c27671
_d27671